Do labour market factors impact credit and deposit growth?

Identifikácia determinantov úverového a vkladového rastu vrátane faktorov trhu práce.

Saved in:
Bibliographic Details
Main Author: Vokorokosová, Renáta, 1967-
Format: Book Chapter
Language:English
Subjects:
Tags: Add Tag
No Tags, Be the first to tag this record!

MARC

LEADER 00000naa a2200000 4500
001 0164191
005 20240502072848.8
041 0 |a eng 
044 |a SK 
245 1 0 |a Do labour market factors impact credit and deposit growth?  |c Renáta Vokorokosová 
520 |a Identifikácia determinantov úverového a vkladového rastu vrátane faktorov trhu práce. 
610 2 0 |a trh práce 
610 2 0 |a vklady 
610 2 0 |a inštitúcie finančné 
610 2 0 |a úver 
610 2 0 |a bankovníctvo 
100 1 |a Vokorokosová, Renáta, 1967-